000 00480ntaaa2200193 4500
003 01
005 20251027201807.0
008 0714s1973 ag 01
040 _aAR-BaBN
_bspa
_cAR-BaBN
_eaacr
_dRIC
082 _a242.0000 R696
100 _aRodriguez, Alfredo S.
_915516
245 _aVida cristiana
250 _a1 ed.
260 _aBuenos Aires :
_bJunta de Publicaciones,
_c1922
300 _a91 p
650 _ameditaciones
_95341
650 _avida cristiana
942 _cBK
999 _c12591
_d12591